Star Wars Characters By Pictures - Statistics

General Stats
  • This quiz has been taken 206 times
  • The average score is 12 of 20
Answer Stats
Picture Hint Answer % Correct
Harrison Ford Han Solo
99%
Carrie Fisher Princess Leia
99%
Ewan Mc'Gregor Obi-Wan Kenobi
98%
Natalie Portman Padme Amadala
94%
Christopher Lee Count Dooku
86%
Mark Hamill Luke Skywalker
86%
Daisy Ridley Rey
85%
Samuel L. Jackson Mace Windu
83%
Adam Driver Kylo Ren
82%
Liam Neeson Qui-Gon Jinn
67%
Oscar Isaac Poe Dameron
53%
Billy Dee Williams Lando Calrissian
49%
Temuera Morrison Jango Fett/Commander Cody
45%
Ian McDiarmid Sheev Palpatine
44%
David Prowse Darth Vader
40%
Domhnall Gleeson General Hux
37%
Jimmy Smitts Bail Organa
36%
Laura Dern Vice Admiral Holdo
25%
Denis Lawson Wedge Antilles
18%
Benicio del Toro DJ
14%
No matching quizzes found
Score Distribution
Percent of People with Each Score
Percentile by Number Answered
Your Score History
You have not taken this quiz